Atomic testing in Mississippi (Record no. 100248)
[ view plain ]
| 000 -LEADER | |
|---|---|
| fixed length control field | 01764nam a2200385Ia 4500 |
| 082 04 - DEWEY DECIMAL CLASSIFICATION NUMBER | |
| Classification number | 623.4/51190287 |
| 100 1# - MAIN ENTRY--AUTHOR NAME | |
| Personal name | Burke, David Allen, |
| 245 10 - TITLE STATEMENT | |
| Title | Atomic testing in Mississippi |
| 260 ## - PUBLICATION, DISTRIBUTION, ETC. (IMPRINT) | |
| Place of publication | Baton Rouge : |
| Name of publisher | Louisiana State University Press, |
| Year of publication | c2012. |
| 300 ## - PHYSICAL DESCRIPTION | |
| Number of Pages | ix, 194 p. : |
| Other physical details | ill., maps. |
| 650 #0 - SUBJECT ADDED ENTRY--TOPICAL TERM | |
| Topical Term | Nuclear arms control |
| Topical Term | Nuclear weapons |
| Topical Term | Underground nuclear explosions |
| Topical Term | Underground nuclear explosions |
| 856 40 - ELECTRONIC LOCATION AND ACCESS | |
| Uniform Resource Identifier | http://site.ebrary.com/lib/rucke/Doc?id=10614675 |
No items available.
